[Event "IND-ch (Women) 49th"]
[Site "Ahmedabad"]
[Date "2023.07.10"]
[Round "11"]
[White "Arya, G Mallar"]
[Black "Arushi, Kotwal"]
[Result "1/2-1/2"]
[WhiteElo "1407"]
[BlackElo "1704"]
[PlyCount "62"]
[EventDate "2023.06.30"]
[EventType "swiss"]
[EventRounds "11"]
[EventCountry "IND"]
[SourceTitle "CBM 215 Extra"]
[Source "ChessBase"]
[SourceDate "2023.09.30"]
[SourceVersion "1"]
[SourceVersionDate "2023.09.30"]
[SourceQuality "1"]

1. Nf3 Nf6 2. b3 g6 3. Bb2 Bg7 4. e3 d5 5. Be2 c5 6. d4 0-0 7. 0-0 cxd4 8. Nxd4 Bd7 9. c4 dxc4 10. Bxc4 Nc6 11. Nd2 Nxd4 12. Bxd4 Bc6 13. Qc2 Rc8 14. Qb2 Qa5 15. Rfd1 Rfe8 16. Be2 a6 17. Bf3 Qf5 18. Rac1 Bxf3 19. Nxf3 Rxc1 20. Rxc1 Rc8 21. h3 Qe6 22. Qa3 Rxc1+ 23. Qxc1 Nd5 24. Qc5 Bxd4 25. Nxd4 Qd7 26. a4 Nf6 27. a5 Ne4 28. Qc2 Nd6 29. Qc5 Ne4 30. Qc2 Nd6 31. Qc5 Ne4 1/2-1/2

[Event "IND-ch (Women) 49th"]
[Site "Ahmedabad"]
[Date "2023.07.01"]
[Round "2"]
[White "Arushi, Kotwal"]
[Black "Padmini, Rout"]
[Result "0-1"]
[WhiteElo "1704"]
[BlackElo "2353"]
[PlyCount "88"]
[EventDate "2023.06.30"]
[EventType "swiss"]
[EventRounds "11"]
[EventCountry "IND"]
[SourceTitle "CBM 215 Extra"]
[Source "ChessBase"]
[SourceDate "2023.09.30"]
[SourceVersion "1"]
[SourceVersionDate "2023.09.30"]
[SourceQuality "1"]

1. Nf3 c5 2. g3 Nc6 3. Bg2 e5 4. e4 d6 5. Nc3 g6 6. d3 Bg7 7. 0-0 Nge7 8. Ne1 0-0 9. f4 f5 10. Kh1 h6 11. Nf3 Be6 12. Be3 b6 13. Qd2 Kh7 14. Rae1 Qd7 15. a3 Rae8 16. Rd1 Nd4 17. Ng1 Ndc6 18. Nf3 exf4 19. Bxf4 d5 20. exd5 Nxd5 21. Nxd5 Bxd5 22. h4 Bxf3 23. Bxf3 Nd4 24. b3 Re6 25. Qg2 Rfe8 26. Rd2 Qd8 27. Rdf2 g5 28. hxg5 hxg5 29. Bc1 Rh6+ 30. Kg1 Nxf3+ 31. Qxf3 Bd4 32. Qxf5+ Rg6 33. Kg2 Qa8+ 34. Rf3 Re2+ 35. Kh1 g4 36. Qf8 Qc6 37. Qf7+ Bg7 38. Bb2 gxf3 39. Bxg7 Rxg7 40. Qf5+ Kg8 41. Rxf3 Qh6+ 42. Kg1 Qc1+ 43. Rf1 Rxg3+ 44. Kh1 Qh6+ 0-1

[Event "IND-ch U20 Girls 50th"]
[Site "Gurugram"]
[Date "2022.03.11"]
[Round "5"]
[White "Arushi, Kotwal"]
[Black "Bhagyashree, Patil"]
[Result "0-1"]
[WhiteElo "1854"]
[BlackElo "1974"]
[PlyCount "134"]
[EventDate "2022.03.09"]
[EventType "swiss"]
[EventRounds "9"]
[EventCountry "IND"]
[SourceTitle "EXT 2023"]
[Source "ChessBase"]
[SourceDate "2022.10.05"]
[SourceVersion "1"]
[SourceVersionDate "2022.10.05"]
[SourceQuality "1"]

1. d4 d5 2. Nf3 Nf6 3. c4 e6 4. Qc2 Be7 5. g3 b6 6. Bg2 Bb7 7. cxd5 Nxd5 8. 0-0 0-0 9. a3 Nd7 10. Nc3 c5 11. Nxd5 Bxd5 12. e4 Bb7 13. Rd1 Qc8 14. d5 exd5 15. exd5 Bd6 16. Ng5 Nf6 17. Ne4 Nxe4 18. Bxe4 g6 19. h4 Re8 20. Kg2 Qd7 21. h5 Qe7 22. Bf3 Qf6 23. Bd2 Rad8 24. Qc1 Qf5 25. hxg6 fxg6 26. Bc3 Rf8 27. Qe3 Rf7 28. Be4 Qg4 29. Bf3 Qd7 30. Be4 Re8 31. f3 Qc7 32. Qg5 Be7 33. Qe5 Qxe5 34. Bxe5 Bg5 35. Bc3 Rd7 36. Rd3 Ba6 37. Rdd1 Bc4 38. d6 Re6 39. Bd5 Bxd5 40. Rxd5 Bf6 41. Bxf6 Rxf6 42. Rad1 a6 43. a4 Kf8 44. f4 Ke8 45. Kf3 Kd8 46. R5d3 Kc8 47. Rh1 Kb7 48. g4 Kc6 49. g5 Rfxd6 50. Rxd6+ Kxd6 51. Ke4 Ke6 52. b3 Rd4+ 53. Ke3 Kf5 54. Rxh7 Re4+ 55. Kd3 Rxf4 56. Rb7 Rb4 57. Kc3 Kxg5 58. Rd7 Kh5 59. Rd3 g5 60. Kd2 Rd4 61. Rxd4 cxd4 62. Kd3 g4 63. Kxd4 g3 64. Ke3 Kg4 65. Ke2 Kh3 66. Kf3 g2 67. Kf2 Kh2 0-1

[Event "Eastern Asia-ch U18 Girls"]
[Site "Tornelo INT"]
[Date "2021.10.24"]
[Round "9"]
[White "Chuersakul, Sarocha"]
[Black "Arushi, Kotwal"]
[Result "1-0"]
[WhiteElo "1680"]
[BlackElo "1487"]
[PlyCount "75"]
[EventDate "2021.10.22"]
[EventType "swiss"]
[EventRounds "9"]
[EventCountry "NET"]
[SourceTitle "EXT 2023"]
[Source "ChessBase"]
[SourceDate "2022.10.05"]
[SourceVersion "1"]
[SourceVersionDate "2022.10.05"]
[SourceQuality "1"]

1. c4 c5 2. Nc3 Nc6 3. Nf3 g6 4. g3 Bg7 5. Bg2 d6 6. d3 a6 7. 0-0 h5 8. Be3 Bg4 9. h3 Bxf3 10. Bxf3 Qd7 11. Bg2 Rb8 12. Rb1 b5 13. cxb5 axb5 14. Nd5 e6 15. Nc3 Nge7 16. Qc1 Nf5 17. Bg5 b4 18. Ne4 Ncd4 19. Re1 Kf8 20. e3 Nc6 21. Nxc5 dxc5 22. Qxc5+ Nce7 23. e4 Rb5 24. Qc4 Nd6 25. Qc1 Rb8 26. e5 Ndf5 27. Qc5 Qc8 28. Qa7 Ra8 29. Bxa8 Nc6 30. Bxc6 Qxc6 31. Rbc1 Qe8 32. Qb7 Ne7 33. Bxe7+ Qxe7 34. Rc8+ Qe8 35. Rxe8+ Kxe8 36. Qc6+ Ke7 37. Qd6+ Ke8 38. Rc1 1-0

[Event "Eastern Asia-ch U18 Girls"]
[Site "Tornelo INT"]
[Date "2021.10.23"]
[Round "6"]
[White "Shah, Vrushti"]
[Black "Arushi, Kotwal"]
[Result "1-0"]
[WhiteElo "1234"]
[BlackElo "1487"]
[PlyCount "53"]
[EventDate "2021.10.22"]
[EventType "swiss"]
[EventRounds "9"]
[EventCountry "NET"]
[SourceTitle "EXT 2023"]
[Source "ChessBase"]
[SourceDate "2022.10.05"]
[SourceVersion "1"]
[SourceVersionDate "2022.10.05"]
[SourceQuality "1"]

1. e4 e6 2. d4 d5 3. Nd2 Nf6 4. e5 Nfd7 5. f4 c5 6. c3 Nc6 7. Ndf3 cxd4 8. cxd4 Qb6 9. Ne2 a6 10. Nc3 Na5 11. Be2 Qc7 12. 0-0 b5 13. a3 g6 14. Kh1 Bb7 15. Qc2 Rc8 16. Qd1 Nc4 17. Bd3 Nxa3 18. Nxd5 Bxd5 19. bxa3 Qc3 20. Be3 Bxa3 21. Qe2 Qb4 22. Bd2 Qe7 23. Ng5 0-0 24. Qe3 h6 25. Nf3 Bb4 26. Rxa6 Bxd2 27. Nxd2 1-0

[Event "Eastern Asia-ch U18 Girls"]
[Site "Tornelo INT"]
[Date "2021.10.22"]
[Round "3"]
[White "Arushi, Kotwal"]
[Black "Chandratreya, Prachiti"]
[Result "0-1"]
[WhiteElo "1487"]
[BlackElo "1588"]
[PlyCount "90"]
[EventDate "2021.10.22"]
[EventType "swiss"]
[EventRounds "9"]
[EventCountry "NET"]
[SourceTitle "EXT 2023"]
[Source "ChessBase"]
[SourceDate "2022.10.05"]
[SourceVersion "1"]
[SourceVersionDate "2022.10.05"]
[SourceQuality "1"]

1. d4 Nf6 2. Nf3 g6 3. c4 Bg7 4. Nc3 0-0 5. g3 d6 6. Bg2 Nc6 7. 0-0 a6 8. h3 Rb8 9. e4 Nd7 10. a4 e5 11. dxe5 Ndxe5 12. Nxe5 Nxe5 13. Qe2 Be6 14. Nd5 c6 15. Ne3 Qb6 16. Rd1 Rfd8 17. Rb1 Qb3 18. Bf1 Nxc4 19. Rd3 Qb4 20. b3 Ne5 21. Bd2 Qxe4 22. f4 Nxd3 23. Qxd3 Qxd3 24. Bxd3 Bxh3 25. g4 Bd4 26. Kh2 Bxe3 27. Bxe3 Bxg4 28. Kg3 h5 29. Bd4 Re8 30. Rg1 c5 31. Bf2 Be6 32. f5 Bxf5 33. Bxf5 gxf5 34. Kf4+ Kf8 35. Kxf5 Re6 36. Bh4 Rbe8 37. Bf6 Rxf6+ 38. Kxf6 Re6+ 39. Kf5 Ke7 40. Rh1 Re3 41. Rxh5 Re5+ 42. Kg4 Rxh5 43. Kxh5 b5 44. a5 c4 45. bxc4 bxc4 0-1

[Event "World Cup U18 Girls Prel"]
[Site "Tornelo INT"]
[Date "2021.08.01"]
[Round "4"]
[White "Arushi, Kotwal"]
[Black "Eizaguerri Floris, Maria"]
[Result "0-1"]
[WhiteElo "1854"]
[BlackElo "2304"]
[PlyCount "136"]
[EventDate "2021.08.01"]
[EventType "swiss (rapid)"]
[EventRounds "10"]
[EventCountry "NET"]
[SourceTitle "EXT 2024"]
[Source "ChessBase"]
[SourceDate "2023.10.10"]
[SourceVersion "1"]
[SourceVersionDate "2023.10.10"]
[SourceQuality "1"]

1. d4 d5 2. Nf3 Nf6 3. c4 e6 4. g3 dxc4 5. Qa4+ Nbd7 6. Bg2 a6 7. Qxc4 b5 8. Qc2 Bb7 9. 0-0 c5 10. Nc3 Rc8 11. Qd1 cxd4 12. Nxd4 Bxg2 13. Kxg2 Bc5 14. Bg5 h6 15. Bxf6 Nxf6 16. Nf3 Qb6 17. e3 0-0 18. a3 Qb7 19. Qe2 Nd7 20. Kg1 Nb6 21. Nd2 Be7 22. Rac1 Rc7 23. Na2 Rfc8 24. Rxc7 Rxc7 25. Rc1 Rxc1+ 26. Nxc1 Qc6 27. Ndb3 Bf6 28. Nd3 Qc4 29. Qd1 Na4 30. Nd4 Bxd4 31. exd4 Qxd4 32. Qc2 a5 33. b3 Nc3 34. b4 a4 35. h4 g6 36. Nc1 Kg7 37. Nd3 h5 38. Kh2 e5 39. Ne1 Ne4 40. Kg2 Nd6 41. Nf3 Qc4 42. Qb2 f6 43. Qd2 Qc6 44. Qb2 Kf7 45. Qa2+ Nc4 46. Qe2 Ke6 47. Qa2 Qd5 48. Qe2 e4 49. Ne1 Kd6 50. Kh2 Nxa3 51. Nc2 Nc4 52. Ne3 Qd3 53. Nxc4+ bxc4 54. Qa2 a3 55. b5 Kc5 56. Qa1 Kxb5 57. Qxf6 a2 58. Qe5+ Kb4 59. Qe7+ Kb3 60. Qb7+ Kc2 61. Qg7 Qc3 62. Qxg6 a1Q 63. Qxe4+ Qd3 64. Qf4 Qaf1 65. Qf8 Qd4 66. Qf5+ Kc3 67. Qf3+ Kb2 68. Qxh5 Qdxf2# 0-1

[Event "World Cup U18 Girls Prel"]
[Site "Tornelo INT"]
[Date "2021.08.01"]
[Round "5"]
[White "Shaw, Laurie Ann"]
[Black "Arushi, Kotwal"]
[Result "0-1"]
[WhiteElo "1408"]
[BlackElo "1854"]
[PlyCount "148"]
[EventDate "2021.08.01"]
[EventType "swiss (rapid)"]
[EventRounds "10"]
[EventCountry "NET"]
[SourceTitle "EXT 2024"]
[Source "ChessBase"]
[SourceDate "2023.10.10"]
[SourceVersion "1"]
[SourceVersionDate "2023.10.10"]
[SourceQuality "1"]

1. d4 Nf6 2. c4 g6 3. Nc3 d5 4. cxd5 Nxd5 5. e4 Nxc3 6. bxc3 Bg7 7. Ba3 0-0 8. Qc2 Nd7 9. Nf3 c5 10. d5 Qa5 11. Bb2 Ne5 12. Be2 Nxf3+ 13. Bxf3 e6 14. 0-0 exd5 15. exd5 Bf5 16. Qd2 c4 17. Rfd1 Rad8 18. Qf4 Qb5 19. Rd2 Rfe8 20. Rad1 Be5 21. Qh4 Kg7 22. Be2 Rc8 23. Ba1 Qc5 24. Bf1 b5 25. h3 Qd6 26. g4 Bd7 27. g5 Bf4 28. Qh6+ Kg8 29. Rd4 Qe5 30. Bb2 Qxg5+ 31. Qxg5 Bxg5 32. h4 Bf6 33. Rf4 Kg7 34. d6 Be5 35. Re4 Bc6 36. Rg4 Rcd8 37. h5 Rxd6 38. Rxd6 Bxd6 39. hxg6 hxg6 40. Rg5 Rh8 41. Bg2 Bxg2 42. Kxg2 a6 43. Bc1 Re8 44. Kf3 Re1 45. Be3 Ra1 46. Bd4+ f6 47. Rd5 Bf8 48. Rd7+ Kg8 49. Bxf6 Rxa2 50. Ra7 Ra3 51. Ke4 Bc5 52. Ra8+ Kf7 53. Bh4 Rxc3 54. Rxa6 Rd3 55. Rf6+ Kg7 56. f4 Rd4+ 57. Ke5 Rd1 58. Rc6 Bd4+ 59. Ke4 Bc3 60. Rc7+ Kg8 61. Rb7 b4 62. Rc7 Rd4+ 63. Ke3 Rd3+ 64. Ke4 Rd4+ 65. Ke3 b3 66. Bf6 Rd3+ 67. Ke4 Bxf6 68. Rxc4 Rd1 69. Rc6 b2 70. Rb6 b1Q+ 71. Rxb1 Rxb1 72. Kd5 Kf7 73. Ke4 Ke6 74. Kf3 Kf5 0-1

[Event "Wch U20 Girls 37th"]
[Site "New Delhi"]
[Date "2019.10.25"]
[Round "11"]
[White "Lohani, Sujana"]
[Black "Arushi, Kotwal"]
[Result "1-0"]
[WhiteElo "1671"]
[BlackElo "1657"]
[PlyCount "101"]
[EventDate "2019.10.15"]
[EventType "swiss"]
[EventRounds "11"]
[EventCountry "IND"]
[SourceTitle "CBM 192 Extra"]
[Source "Chessbase"]
[SourceDate "2019.11.06"]
[SourceVersion "1"]
[SourceVersionDate "2019.11.06"]
[SourceQuality "1"]

1. d4 Nf6 2. c4 g6 3. Nf3 d5 4. e3 Bg7 5. Nc3 0-0 6. Be2 c6 7. b4 a5 8. b5 c5 9. Ba3 cxd4 10. exd4 dxc4 11. Bxc4 Bg4 12. Be2 Nd5 13. Nxd5 Qxd5 14. 0-0 Bf6 15. Qd3 Rd8 16. Rfd1 Nd7 17. h3 Bf5 18. Qd2 Nf8 19. Rac1 Rdc8 20. Rc5 Qd8 21. Bc4 b6 22. Rxc8 Rxc8 23. Bb3 Be4 24. Ne5 Bd5 25. Qe3 Ne6 26. Ng4 Bg5 27. Qe5 Bxb3 28. axb3 h5 29. Ne3 Bf6 30. Qd5 Nxd4 31. Qe4 e5 32. Nd5 Kg7 33. Rd3 Rb8 34. f4 Qe8 35. Nxf6 Kxf6 36. fxe5+ Qxe5 37. Qxd4 Qxd4+ 38. Rxd4 Re8 39. Rd6+ Re6 40. Kf2 Ke5 41. Rxe6+ fxe6 42. Ke3 Kd5 43. h4 e5 44. Be7 e4 45. g3 a4 46. bxa4 Kc4 47. Kxe4 Kb3 48. a5 bxa5 49. b6 a4 50. b7 a3 51. Bxa3 1-0

[Event "Wch U20 Girls 37th"]
[Site "New Delhi"]
[Date "2019.10.17"]
[Round "4"]
[White "Mirza, Diana"]
[Black "Arushi, Kotwal"]
[Result "1/2-1/2"]
[WhiteElo "1986"]
[BlackElo "1657"]
[PlyCount "74"]
[EventDate "2019.10.15"]
[EventType "swiss"]
[EventRounds "11"]
[EventCountry "IND"]
[SourceTitle "CBM 192 Extra"]
[Source "Chessbase"]
[SourceDate "2019.11.06"]
[SourceVersion "1"]
[SourceVersionDate "2019.11.06"]
[SourceQuality "1"]

1. d4 Nf6 2. Nf3 g6 3. Nbd2 d5 4. b4 Bg7 5. e3 c6 6. c4 0-0 7. a4 Nbd7 8. Bd3 a5 9. b5 c5 10. Bb2 cxd4 11. Bxd4 Re8 12. cxd5 Nxd5 13. Bxg7 Kxg7 14. Bc4 N7b6 15. Bb3 Nb4 16. 0-0 Bg4 17. Qb1 Bxf3 18. Nxf3 e6 19. Qe4 Qd3 20. Qe5+ Kg8 21. Nd4 Nc4 22. Qg5 e5 23. Rfd1 Nd2 24. Qf6 Nxb3 25. Rxd3 Nxa1 26. Rd1 exd4 27. Rxa1 d3 28. Rd1 Re6 29. Qc3 b6 30. h4 h5 31. g3 Rd8 32. Kg2 Rd5 33. Qc8+ Kg7 34. Qc3+ Kg8 35. Qc8+ Kg7 36. Qc3+ Kf8 37. Qc8+ Kg7 1/2-1/2

[Event "Wch U16 Girls"]
[Site "Mumbai"]
[Date "2019.10.02"]
[Round "1"]
[White "Arushi, Kotwal"]
[Black "Zhang, Xiao"]
[Result "1/2-1/2"]
[WhiteElo "1657"]
[BlackElo "2053"]
[PlyCount "84"]
[EventDate "2019.10.02"]
[EventType "swiss"]
[EventRounds "11"]
[EventCountry "IND"]
[SourceTitle "EXT 2020"]
[Source "ChessBase"]
[SourceDate "2019.10.17"]
[SourceVersion "1"]
[SourceVersionDate "2019.10.17"]
[SourceQuality "1"]

1. d4 Nf6 2. Nf3 e6 3. c4 d5 4. g3 dxc4 5. Qa4+ Nbd7 6. Bg2 a6 7. Qxc4 b5 8. Qc6 Nd5 9. Bg5 Be7 10. Bxe7 Qxe7 11. 0-0 Bb7 12. Qc2 0-0 13. Nc3 Nxc3 14. Qxc3 c5 15. dxc5 Nxc5 16. Qb4 Rfc8 17. Rac1 Bd5 18. a3 Bxf3 19. Bxf3 Qg5 20. h4 Qe5 21. Rfd1 g6 22. b3 a5 23. Qxa5 Nxb3 24. Rxc8+ Rxc8 25. Qb4 Nc1 26. Qd2 Qc5 27. Qb2 Qc4 28. Rd4 Qc3 29. Qxc3 Rxc3 30. a4 Kg7 31. Rb4 bxa4 32. Rxa4 Nb3 33. Ra3 Rc1+ 34. Kg2 Nd4 35. Ra4 Nf5 36. Be4 Nd6 37. Bd3 Rc6 38. Ra6 Rxa6 39. Bxa6 Kf6 40. Bd3 e5 41. e3 e4 42. Bc2 Ke5 1/2-1/2

[Event "Western Asia-ch U16 Girls"]
[Site "Delhi"]
[Date "2019.09.07"]
[Round "3"]
[White "Salonika, Saina"]
[Black "Arushi, Kotwal"]
[Result "1-0"]
[WhiteElo "2100"]
[BlackElo "1590"]
[PlyCount "41"]
[EventDate "2019.09.06"]
[EventType "swiss"]
[EventRounds "9"]
[EventCountry "IND"]
[SourceTitle "CBM 192 Extra"]
[Source "Chessbase"]
[SourceDate "2019.11.06"]
[SourceVersion "1"]
[SourceVersionDate "2019.11.06"]
[SourceQuality "1"]

1. e4 e6 2. d4 d5 3. Nc3 Nf6 4. Bg5 dxe4 5. Nxe4 Be7 6. Bxf6 Bxf6 7. Nf3 0-0 8. Qd2 Nc6 9. 0-0-0 b6 10. c3 Bb7 11. Bd3 h6 12. g4 Nb8 13. h4 Be7 14. Rhg1 Nd7 15. Qe2 f5 16. Ned2 fxg4 17. Qxe6+ Kh8 18. Qg6 Nf6 19. Rxg4 Rg8 20. Ne5 Bd5 21. Qh7+ 1-0

[Event "IND-ch U15 Girls"]
[Site "Tiruchengode"]
[Date "2019.07.15"]
[Round "9"]
[White "Bristy, Mukherjee"]
[Black "Arushi, Kotwal"]
[Result "1-0"]
[WhiteElo "1862"]
[BlackElo "1744"]
[PlyCount "113"]
[EventDate "2019.07.09"]
[EventType "swiss"]
[EventRounds "11"]
[EventCountry "IND"]
[SourceTitle "EXT 2020"]
[Source "ChessBase"]
[SourceDate "2019.10.17"]
[SourceVersion "1"]
[SourceVersionDate "2019.10.17"]
[SourceQuality "1"]

1. e4 e6 2. d3 d5 3. Nd2 Nf6 4. Ngf3 dxe4 5. dxe4 Nc6 6. c3 Bc5 7. h3 a6 8. Qc2 h6 9. e5 Nd5 10. Ne4 Bb6 11. Ng3 Nde7 12. Nh5 Qd5 13. Bf4 Kf8 14. Bd3 Bd7 15. Be4 Qa5 16. b4 Nxb4 17. cxb4 Qxb4+ 18. Bd2 Qa3 19. Rb1 Ba4 20. Qc4 Bb5 21. Qb3 Qc5 22. Nf4 Qxf2+ 23. Kd1 Rd8 24. a4 Be3 25. Rb2 Bf1 26. Kc1 Bxd2+ 27. Rxd2 Rxd2 28. Nxd2 Qxf4 29. Rxf1 Qxe5 30. Bxb7 Nd5 31. Bxd5 exd5 32. Qb8+ Qe8 33. Qxc7 Kg8 34. a5 f6 35. Rf3 Qe1+ 36. Kc2 Qe6 37. Rg3 Qf5+ 38. Kd1 Qh5+ 39. Kc1 Qf7 40. Rc3 h5 41. Qxf7+ Kxf7 42. Rc6 Ra8 43. Nb3 Rb8 44. Kc2 Ra8 45. Nc5 Ke7 46. Kc3 g5 47. Rxa6 Rc8 48. Kd4 f5 49. Rh6 h4 50. a6 g4 51. a7 Ra8 52. hxg4 fxg4 53. Rxh4 g3 54. Rh6 Rxa7 55. Rh7+ Kd6 56. Rxa7 Kc6 57. Rg7 1-0

[Event "Commonwealth-ch U16 Girls"]
[Site "New Delhi"]
[Date "2019.07.07"]
[Round "7.2"]
[White "Arushi, Kotwal"]
[Black "Meenatchi Rajam, V."]
[Result "0-1"]
[WhiteElo "1744"]
[BlackElo "1564"]
[PlyCount "152"]
[EventDate "2019.07.01"]
[EventType "swiss"]
[EventRounds "7"]
[EventCountry "IND"]
[SourceTitle "EXT 2024"]
[Source "ChessBase"]
[SourceDate "2023.10.10"]
[SourceVersion "1"]
[SourceVersionDate "2023.10.10"]
[SourceQuality "1"]

1. d4 Nf6 2. Nf3 g6 3. c4 Bg7 4. g3 0-0 5. Bg2 d6 6. 0-0 Nbd7 7. Nc3 e5 8. e4 exd4 9. Nxd4 a5 10. h3 Nc5 11. Re1 Re8 12. Rb1 Nfd7 13. f4 Nb6 14. b3 c6 15. Be3 Qc7 16. Kh2 Bd7 17. Nde2 Rad8 18. Qc2 Bc8 19. Rbd1 Nbd7 20. Nd4 Ne6 21. Qf2 Nxd4 22. Bxd4 Nc5 23. Bxg7 Kxg7 24. Qd4+ f6 25. Re2 Ne6 26. Qf2 g5 27. f5 Nf8 28. Red2 Re5 29. Rd4 Re7 30. Qd2 Red7 31. Bf3 b6 32. Kg2 h6 33. Rh1 Ba6 34. h4 Nh7 35. Qd1 b5 36. cxb5 Bxb5 37. Bh5 Rh8 38. Bg6 Nf8 39. Qh5 Qb6 40. Rhd1 Qc7 41. Be8 Rd8 42. Rxd6 Rxd6 43. Rxd6 Qe7 44. Rd2 Rh7 45. Rd1 Kg8 46. a4 Qe5 47. axb5 Qxc3 48. Bxc6 Qc2+ 49. Kh1 Rg7 50. Bd5+ Kh7 51. Qf3 gxh4 52. gxh4 Qc5 53. Bc4 Nd7 54. Re1 Ne5 55. Qe3 Qb4 56. Rg1 Ng4 57. Qe2 h5 58. Rg3 Qc5 59. Kg2 Ne3+ 60. Kf3 Ng4 61. Kg2 Ne3+ 62. Kh3 Ng4 63. Kg2 Qd4 64. Bd3 Ne3+ 65. Kf3 Ng4 66. Kg2 Ne3+ 67. Kf3 Ng4 68. Bc4 Qc3+ 69. Kg2 Qd4 70. Bd3 Ne3+ 71. Kf3 Ng4 72. Kg2 Ne3+ 73. Kf3 Ng4 74. e5 Qa1 75. Be4 Qxe5 76. b6 Kh8 0-1

[Event "Commonwealth-ch U16 Girls"]
[Site "New Delhi"]
[Date "2019.07.05"]
[Round "5.1"]
[White "Arushi, Kotwal"]
[Black "Bristy, Mukherjee"]
[Result "0-1"]
[WhiteElo "1744"]
[BlackElo "1862"]
[PlyCount "88"]
[EventDate "2019.07.01"]
[EventType "swiss"]
[EventRounds "7"]
[EventCountry "IND"]
[SourceTitle "EXT 2024"]
[Source "ChessBase"]
[SourceDate "2023.10.10"]
[SourceVersion "1"]
[SourceVersionDate "2023.10.10"]
[SourceQuality "1"]

1. d4 f5 2. Nf3 Nf6 3. c4 e6 4. g3 Be7 5. Bg2 0-0 6. 0-0 d6 7. Nc3 Qe8 8. Qc2 Qh5 9. e4 e5 10. dxe5 dxe5 11. Nd5 Nxd5 12. cxd5 Bd6 13. Be3 Nd7 14. exf5 Nf6 15. Nh4 Ng4 16. Qe2 Rxf5 17. h3 Nxe3 18. Qxh5 Rxh5 19. fxe3 e4 20. Bxe4 Bxh3 21. Bg2 Bd7 22. Kf2 Rg5 23. Nf3 Bxg3+ 24. Kg1 Rh5 25. Nd4 Re8 26. e4 Bh2+ 27. Kf2 Bd6 28. Rac1 Rf8+ 29. Ke3 Rg5 30. Rxf8+ Kxf8 31. Bf3 h5 32. Rh1 g6 33. a3 Ke7 34. b4 Rg3 35. Ne2 Rh3 36. Rxh3 Bxh3 37. Nf4 Bf1 38. Nxg6+ Kf6 39. Bxh5 Bb5 40. Kd4 Bh2 41. Nh4 Be5+ 42. Kc5 a6 43. d6 b6+ 44. Kd5 c6# 0-1

[Event "IND-ch U13 Girls 31st"]
[Site "Jalandhar"]
[Date "2017.06.24"]
[Round "5"]
[White "Arushi, Kotwal"]
[Black "Aanya, Agarwal"]
[Result "1-0"]
[WhiteElo "1635"]
[BlackElo "1518"]
[PlyCount "70"]
[EventDate "2017.06.21"]
[EventType "swiss"]
[EventRounds "11"]
[EventCountry "IND"]
[SourceTitle "CBM 179 Extra"]
[Source "ChessBase"]
[SourceDate "2017.08.23"]
[SourceVersion "1"]
[SourceVersionDate "2017.08.23"]
[SourceQuality "1"]

1. d4 d5 2. Nf3 Nf6 3. c4 c6 4. Nc3 dxc4 5. g3 Bf5 6. Bg2 e6 7. Ne5 Nbd7 8. Nxc4 Bb4 9. 0-0 0-0 10. Qb3 a5 11. a3 Bxc3 12. bxc3 Ra7 13. a4 Nb8 14. Ba3 Re8 15. Nd6 Re7 16. Nxf5 exf5 17. Bxe7 Qxe7 18. e3 Ne4 19. Bxe4 fxe4 20. Qa3 Qe6 21. Qc5 Ra8 22. Qe5 Qxe5 23. dxe5 Nd7 24. Rab1 Ra7 25. Rfd1 Nf8 26. Rd8 g6 27. Rb8 Kg7 28. R8xb7 Rxb7 29. Rxb7 Ne6 30. Ra7 h5 31. Rxa5 c5 32. Rb5 Kf8 33. a5 Nc7 34. Rxc5 Ne6 35. Rc4 Kg7 1-0

[Event "IND-ch U13 Girls 31st"]
[Site "Jalandhar"]
[Date "2017.06.23"]
[Round "4"]
[White "Mrudul, Dehankar"]
[Black "Arushi, Kotwal"]
[Result "1-0"]
[WhiteElo "1942"]
[BlackElo "1635"]
[PlyCount "65"]
[EventDate "2017.06.21"]
[EventType "swiss"]
[EventRounds "11"]
[EventCountry "IND"]
[SourceTitle "CBM 179 Extra"]
[Source "ChessBase"]
[SourceDate "2017.08.23"]
[SourceVersion "1"]
[SourceVersionDate "2017.08.23"]
[SourceQuality "1"]

1. e4 e6 2. d4 d5 3. Nd2 Nf6 4. e5 Nfd7 5. Bd3 c5 6. c3 Nc6 7. Ne2 cxd4 8. cxd4 f6 9. Nf4 Nxd4 10. Qh5+ Ke7 11. Ng6+ hxg6 12. exf6+ Nxf6 13. Qxh8 Kf7 14. 0-0 Nh5 15. Nb3 Nxb3 16. axb3 e5 17. Be3 b6 18. f4 e4 19. f5 Bxf5 20. Rxf5+ gxf5 21. Qxh5+ g6 22. Qh7+ Bg7 23. Bb5 Qf6 24. Bc6 Qxb2 25. Bxd5+ Ke7 26. Rd1 Rd8 27. Bd4 Qe2 28. Qxg7+ Kd6 29. Qe5+ Kd7 30. Qe6+ Kc7 31. Be5+ Rd6 32. Bxd6+ Kd8 33. Qe7+ 1-0

[Event "IND-ch U11 Girls"]
[Site "Odisha"]
[Date "2014.07.31"]
[Round "10"]
[White "Arushi, Kotwal"]
[Black "Bhagyashree, Patil"]
[Result "1-0"]
[WhiteElo "1450"]
[BlackElo "1508"]
[PlyCount "149"]
[EventDate "2014.07.24"]
[EventType "swiss"]
[EventRounds "11"]
[EventCountry "IND"]
[SourceTitle "CBM 161 Extra"]
[Source "ChessBase"]
[SourceDate "2014.08.29"]
[SourceVersion "1"]
[SourceVersionDate "2014.08.29"]
[SourceQuality "1"]

1. e4 e5 2. Nf3 Nc6 3. Bb5 a6 4. Bxc6 dxc6 5. h3 Bd6 6. 0-0 Nf6 7. Re1 0-0 8. d4 exd4 9. e5 Bb4 10. c3 dxc3 11. Qxd8 Rxd8 12. bxc3 Be7 13. exf6 Bxf6 14. Bb2 Be6 15. Nbd2 Bd5 16. Ne4 Bxe4 17. Rxe4 h6 18. Rae1 Kh7 19. Ne5 Bxe5 20. Rxe5 Kg6 21. Kh2 Rd2 22. R1e2 Rad8 23. Re7 b5 24. Bc1 R2d7 25. Bf4 c5 26. Bxc7 Rxe7 27. Rxe7 Rd2 28. Bb6 c4 29. a3 Rc2 30. Re3 Kh7 31. Kg3 f6 32. Ba5 Rb2 33. Bb4 Rb3 34. Re6 a5 35. Bxa5 Rxa3 36. Bb4 Ra2 37. Rb6 Rd2 38. Rxb5 Rd3+ 39. f3 g5 40. Rc5 Kg6 41. Rxc4 h5 42. Rd4 Re3 43. Kf2 Re6 44. c4 Ra6 45. c5 Ra2+ 46. Kg3 h4+ 47. Kh2 Rc2 48. Rd6 Rc4 49. Rb6 Kf7 50. c6 f5 51. Bd6 Ke6 52. c7 Kd7 53. Rb8 f4 54. c8Q+ Rxc8 55. Rxc8 Kxc8 56. Be7 Kd7 57. Bxg5 Ke6 58. Bxf4 Kf5 59. g3 hxg3+ 60. Kxg3 Kg6 61. h4 Kh5 62. Bd6 Kg6 63. f4 Kh5 64. f5 Kh6 65. f6 Kg6 66. Be5 Kf7 67. h5 Kg8 68. h6 Kf7 69. h7 Ke6 70. h8Q Kxe5 71. f7+ Kd6 72. f8Q+ Kd5 73. Qf5+ Kc4 74. Qhc8+ Kd4 75. Qcc5# 1-0

[Event "IND-ch U11 Girls"]
[Site "Odisha"]
[Date "2014.07.28"]
[Round "7"]
[White "Manya, Bagla"]
[Black "Arushi, Kotwal"]
[Result "0-1"]
[WhiteElo "1378"]
[BlackElo "1450"]
[PlyCount "128"]
[EventDate "2014.07.24"]
[EventType "swiss"]
[EventRounds "11"]
[EventCountry "IND"]
[SourceTitle "CBM 161 Extra"]
[Source "ChessBase"]
[SourceDate "2014.08.29"]
[SourceVersion "1"]
[SourceVersionDate "2014.08.29"]
[SourceQuality "1"]

1. e4 e6 2. d4 d5 3. exd5 exd5 4. Nf3 Bd6 5. Bd3 Nf6 6. Bg5 0-0 7. 0-0 Bg4 8. Nbd2 c6 9. c3 Nbd7 10. Re1 Qc7 11. Qc2 Rfe8 12. a3 Bxf3 13. Nxf3 h6 14. Bxf6 Nxf6 15. h3 Nh5 16. Rxe8+ Rxe8 17. Qd2 Nf4 18. Bf1 Qd7 19. Re1 Rxe1 20. Qxe1 Kf8 21. Qe3 Qf5 22. Ne1 Qb1 23. g3 Ne6 24. Qd2 Ng5 25. Bg2 Qf5 26. Kh2 Ne4 27. Bxe4 Qxe4 28. f3 Qg6 29. Qf2 h5 30. h4 Qf6 31. f4 Qf5 32. Qe2 Qe4 33. Qd2 f6 34. Kg1 c5 35. Kf2 cxd4 36. Qxd4 b6 37. b4 Qxd4+ 38. cxd4 a5 39. bxa5 bxa5 40. a4 Ke7 41. Nc2 Ke6 42. Ne3 f5 43. Nc2 Bb4 44. Nxb4 axb4 45. Ke2 Kd6 46. Kd2 Kc6 47. Kc2 Kb6 48. Kb2 Ka5 49. Kb3 g6 50. Kb2 Kxa4 51. Ka2 b3+ 52. Kb2 Kb4 53. Kb1 Kc3 54. Kc1 Kxd4 55. Kb2 Kc4 56. Kc1 Kc3 57. Kb1 b2 58. g4 hxg4 59. h5 gxh5 60. Ka2 Kc2 61. Ka3 b1Q 62. Ka4 Qb6 63. Ka3 Qb5 64. Ka2 Qb2# 0-1